| 000 | 03208nam a2200241 4500 | ||
|---|---|---|---|
| 003 | NALT | ||
| 005 | 20250818221654.0 | ||
| 008 | 250804b th ||||| |||| 00| 0 tha d | ||
| 040 | _aNALT | ||
| 110 | 2 |
_aสำนักนายกรัฐมนตรี. _bสำนักงบประมาณ _9619 |
|
| 245 | 1 | 0 |
_aรายงานประจำปี 2567 สำนักงบประมาณ = _bAnnual report 2024 Budget Bureau / _cสำนักงบประมาณ สำนักนายกรัฐมนตรี. _h[electronic resource] |
| 260 |
_aกรุงเทพฯ : _bสำนักงบประมาณ, _c2568. |
||
| 300 | _aOnline resource | ||
| 505 | 0 | _aส่วนที่ 1: ข้อมูลทั่วไป -- วิสัยทัศน์ พันธกิจ หน้าที่และอํานาจ -- โครงสร้าง -- อัตรากําลัง -- งบประมาณรายจ่ายประจํา ปีงบประมาณ พ.ศ. 2566-2568 -- ส่วนที่ 2: ผลการดําเนินงาน -- การประเมินส่วนราชการตามมาตรการปรับปรุงประสิทธิภาพ ในการปฏิบัติราชการของสํานักงบประมาณ ประจําปีงบประมาณ พ.ศ. 2567 -- การวางแผนและจัดทํางบประมาณ -- การบริหารงบประมาณ -- การติดตามและประเมินผล -- การเพิ่มประสิทธิภาพการจัดการงบประมาณเชิงยุทธศาสตร์ -- ผลการดําเนินงานอื่น ๆ -- ส่วนที่ 3: รายงานการเงิน -- รายงานของผู้สอบบัญชี -- งบแสดงฐานะการเงิน -- งบแสดงผลการดําเนินงานทางการเงิน -- งบแสดงการเปลี่ยนแปลงสินทรัพย์สุทธิ/ส่วนทุน -- หมายเหตุประกอบงบการเงิน -- รายงานฐานะเงินงบประมาณรายจ่ายปีปัจจุบันและปีก่อน -- รายงานรายได้แผ่นดิน -- ส่วนที่ 4: ภาพกิจกรรมของสํานักงบประมาณ ประจําปีงบประมาณ พ.ศ. 2567. | |
| 610 | 2 | 4 |
_aสำนักงบประมาณ _xรายงานประจำปี _y2567 _966408 |
| 850 | _aNALT | ||
| 856 |
_uhttps://drive.google.com/drive/folders/1pUkEodLZiw5gcfZeOgVzFYlH3ajOfeZz _zE-Book |
||
| 942 |
_2local _cEBK |
||
| 996 |
_ajidapa.t _bACQSTF _c2025-08-04 |
||
| 996 |
_avaree.k _bLIBSTF _c2025-08-06 |
||
| 996 |
_ajamriang.p _bCATSTF _c2025-08-06 |
||
| 999 |
_c107035 _d107035 |
||
| 998 |
_j25 _k นีลวัสน์ อินทรักษา |
||